The war warrior widows: real life stories of valiant wives of Indian soldiers (Record no. 524463)

000 -LEADER
fixed length control field 00447nam a22001457a 4500
020 ## - INTERNATIONAL STANDARD BOOK NUMBER
International Standard Book Number 9789391970154
082 ## - DEWEY DECIMAL CLASSIFICATION NUMBER
Classification number A98 Z13w
100 ## - MAIN ENTRY--PERSONAL NAME
Personal name Zaidi, Ambreen
9 (RLIN) 41912
245 ## - TITLE STATEMENT
Title The war warrior widows: real life stories of valiant wives of Indian soldiers
Statement of responsibility, etc by Ambreen Zaidi
260 ## - PUBLICATION, DISTRIBUTION, ETC. (IMPRINT)
Place of publication, distribution, etc New Delhi
Name of publisher, distributor, etc Sabre & Quill
Date of publication, distribution, etc 2021
300 ## - PHYSICAL DESCRIPTION
Extent 210p.
650 ## - SUBJECT ADDED ENTRY--TOPICAL TERM
Topical term or geographic name as entry element Biographies
9 (RLIN) 41913
650 ## - SUBJECT ADDED ENTRY--TOPICAL TERM
Topical term or geographic name as entry element Widows, war - India
9 (RLIN) 41914
650 ## - SUBJECT ADDED ENTRY--TOPICAL TERM
Topical term or geographic name as entry element Widows - India
9 (RLIN) 41915
Holdings
Withdrawn status Lost status Source of classification or shelving scheme Damaged status Koha normalized classification for sorting Not for loan Permanent location Current location Shelving location Date acquired Full call number Barcode Date last seen Price effective from Koha item type
        A_98_000000000000000_Z13W   Indian Institute of Public Administration Indian Institute of Public Administration On Display 2023-11-20 A98 Z13w 88910 2023-11-20 2023-11-20 Book

Powered by Koha